000
00321nam a2200133Ia 4500
008
240624s9999 xx 000 0 und d
041
_a
eng
082
_a
823 DUR
100
_a
DURRELL GERALD
245
_a
MY FAMILY AND OTHER ANIMALS
260
_c
2006
_a
New York
_b
Puffin
300
_a
386 : p. : cm. ; 20
365
_c
RS
999
_c
21075
_d
21075